[Event "FRA-chT Top 12 2019"]
[Site "Brest"]
[Date "2019.05.18"]
[Round "1.2"]
[White "Oleksiyenko, Mykhaylo"]
[Black "Chabanon, Jean-Luc"]
[Result "1/2-1/2"]
[WhiteElo "2595"]
[BlackElo "2437"]
[Annotator "TA"]
[PlyCount "87"]
[EventDate "2019.05.18"]
[EventType "team-tourn"]
[EventCountry "FRA"]
[SourceTitle "playchess.com"]
[Source "ChessBase"]
[SourceQuality "1"]

{[%evp 14,87,24,16,57,66,68,54,87,-13,56,0,0,-12,-2,-11,0,0,0,0,0,0,0,-20,-20,-39,-31,-43,-24,-31,-33,-58,-52,-121,-104,-116,-108,-115,-107,-134,-137,-218,-220,-258,-210,-205,0,-210,-31,-45,-22,-136,-26,-43,0,0,0,0,0,0,0,0,0,0,0,0,0,0,0,0,0,0,0,0,0,0]} 1. e4 c6 2. d4 d5 3. e5 Bf5 4. Nf3 e6 5. Be2 Nd7 6. O-O h6 7. b3 Ne7 8. c4 Bg6 {B12: Caro-Kann: Advance Variation} (8... Bh7 9. Nc3 Ng6 10. Bd3 Bb4 11. Ne2 O-O 12. Qc2 Re8 13. Nf4 Ndf8 14. Nh5 Nh4 15. Bxh7+ Nxh7 16. Qd3 {½-½ (68) Ponkratov,P (2622)-Bocharov,D (2576) Voronezh 2018}) 9. Nc3 Nf5 10. a3 Bh5 $146 {White is slightly better.} ({Predecessor:} 10... Be7 11. g4 Nh4 12. Nxh4 Bxh4 13. f4 f5 14. exf6 Bxf6 {0-1 (30) Vehi Bach,V (2379)-Gonzalez Vidal,Y (2487) Manresa 2004}) 11. c5 ({White should play} 11. h3 $16 {Threatens to win with g4.} Qa5 12. Nb1 Bxf3 13. Bxf3) 11... Be7 (11... f6 $11) 12. b4 (12. h3 $14) 12... f6 $11 13. Bb2 O-O 14. Ne1 Bxe2 (14... Bf7 {looks sharper.} 15. Nc2 fxe5 16. dxe5 b6 17. cxb6 Nxb6 18. Bg4 a5) 15. Nxe2 fxe5 16. dxe5 {Nf4 is the strong threat.} Qe8 17. Nd3 b6 {[%cal Rb6c5]} 18. Nef4 Bg5 19. Nh3 bxc5 20. Nxg5 hxg5 21. bxc5 Qg6 22. Qe2 Rab8 23. Bc3 (23. Rab1 $15) 23... Rb3 $17 24. Rfc1 {[#]} Nd4 $1 {[%mdl 512]} 25. Bxd4 Qxd3 26. Qxd3 Rxd3 27. Bc3 (27. Rd1 $17 Rb3 28. g3) 27... Rb8 $19 28. Kf1 {Threatening Ke2.} Rb3 29. Bb4 Rb2 $2 ({Less strong is} 29... Nxe5 30. Re1 $11) (29... Kf7 $19 30. Re1 Kg6) 30. Re1 $2 (30. Bc3 $11 Rb3 31. Bb4) 30... a5 $2 (30... Kh7 $19 {And now ...Kg6 would win.} 31. Re2 Rxe2 32. Kxe2 Nxe5) 31. Bxa5 $15 Nxc5 {Hoping for ...Nb3.} 32. Re2 {[#]} (32. Bb4 $11 {was the only way to keep the balance.} Na6 33. Re2) 32... Rbb3 (32... Rdb3 $1 $17 {White must now prevent ...Rxe2.} 33. Rxb2 Rxb2) 33. Rc2 $11 Nd7 34. Rxc6 {The position is equal.} Rxa3 35. Rxa3 Rxa3 {[%mdl 4096] Endgame KRB-KRN} 36. Bc7 Kf7 37. Bd6 Ra7 38. g4 Rb7 39. Rc8 Nb6 40. Rf8+ Kg6 41. Re8 Kf7 42. Rf8+ Kg6 43. Re8 Kf7 44. Rf8+ {Accuracy: White = 43%, Black = 55%.} 1/2-1/2

[Event "FRA-chT Top 12 2019"]
[Site "Brest"]
[Date "2019.05.18"]
[Round "1.2"]
[White "Cornette, Deimante"]
[Black "Payen, Arnaud"]
[Result "1/2-1/2"]
[WhiteElo "2433"]
[BlackElo "2358"]
[Annotator "TA"]
[PlyCount "57"]
[EventDate "2019.05.18"]
[EventType "team-tourn"]
[EventCountry "FRA"]
[SourceTitle "playchess.com"]
[Source "ChessBase"]
[SourceQuality "1"]

{[%evp 11,57,27,41,40,33,29,49,46,48,31,25,21,34,-5,-24,-29,-9,-12,0,-33,14,-41,0,-2,0,0,-22,-34,20,15,15,37,45,0,-7,0,0,-18,-16,-37,-31,-35,0,-30,0,-15,0,-29]} 1. e4 e5 2. Nf3 d6 3. d4 exd4 4. Nxd4 Nf6 5. Nc3 Be7 6. g3 O-O 7. Bg2 {C41: Philidor Defence} Re8 8. O-O Bf8 9. h3 {White is slightly better.} c6 10. Bg5 h6 11. Bf4 $146 ({Predecessor:} 11. Be3 Nbd7 12. Re1 Nc5 13. f3 d5 14. exd5 Nxd5 15. Nxd5 Qxd5 {0-1 (42) Smirnov,A (2334)-Bu,X (2693) Helsingor 2014}) 11... Nbd7 12. Nf5 Ne5 13. g4 b5 14. a3 a5 15. Re1 Kh7 (15... Bxf5 $5 16. exf5 Qc7 $11) 16. Qc1 ({Better is} 16. Bg3 $11) 16... Bb7 (16... Bxf5 $5 17. exf5 Nfd7 $11) 17. b3 b4 18. axb4 axb4 19. Na4 Ng6 ({Black should play} 19... c5 $15) 20. Bg3 c5 {[%cal Rb7e4]} 21. f3 Ne5 {[%cal Bg6e5,Be5c6,Bc6d4][%mdl 32]} 22. Qd2 (22. Rd1 $14) 22... g6 $11 23. Ne3 Nc6 24. Qf2 Nd4 25. Bh4 Be7 26. Bg3 Bf8 27. Bh4 Be7 28. Bg3 Bf8 29. Bh4 {Accuracy: White = 58%, Black = 33%.} 1/2-1/2

[Event "FRA-chT Top 12 2019"]
[Site "Brest"]
[Date "2019.05.18"]
[Round "1.3"]
[White "Bacrot, Etienne"]
[Black "Lagarde, Maxime"]
[Result "1/2-1/2"]
[WhiteElo "2678"]
[BlackElo "2600"]
[Annotator "TA"]
[PlyCount "37"]
[EventDate "2019.05.18"]
[EventType "team-tourn"]
[EventCountry "FRA"]
[SourceTitle "playchess.com"]
[Source "ChessBase"]
[SourceQuality "1"]

{[%evp 12,37,34,34,27,18,21,11,20,14,24,23,42,7,21,21,10,0,0,0,6,-13,-25,-28,-14,-17,-17,-12]} 1. e4 c5 2. Nf3 Nc6 3. Nc3 e5 4. Bc4 Be7 5. d3 Nf6 6. Nd2 d6 7. Nf1 Nd7 {B30: Sicilian: 2...Nc6 3 Bb5, lines without ...g6} 8. Ng3 $146 ({Predecessor:} 8. Ne3 Nb6 9. O-O O-O 10. a3 Bg5 11. Ba2 Be6 12. Ncd5 Ne7 13. Nxb6 axb6 14. Bxe6 Bxe3 15. Bxf7+ Rxf7 16. Bxe3 {1-0 (73) Wang,H (2722)-Antoniewski,R (2521) Czech Republic 2019}) 8... Nb6 9. O-O O-O 10. a4 Kh8 11. Ba2 Nb4 12. Bb3 Be6 13. Bxe6 fxe6 14. Nce2 d5 15. a5 Nd7 16. Bd2 Rc8 17. Qb1 Nf6 18. exd5 exd5 19. c3 {Accuracy: White = 70%, Black = 36%.} 1/2-1/2

[Event "FRA-chT Top 12 2019"]
[Site "Brest"]
[Date "2019.05.18"]
[Round "1.3"]
[White "Feller, Sebastien"]
[Black "Gozzoli, Yannick"]
[Result "1/2-1/2"]
[WhiteElo "2587"]
[BlackElo "2622"]
[Annotator "TA"]
[PlyCount "25"]
[EventDate "2019.05.18"]
[EventType "team-tourn"]
[EventCountry "FRA"]
[SourceTitle "playchess.com"]
[Source "ChessBase"]
[SourceQuality "1"]

{[%evp 15,25,17,20,20,36,0,6,-22,13,6,24,25]} 1. d4 d5 2. c4 c6 3. Nc3 Nf6 4. e3 e6 5. Nf3 a6 6. b3 Bb4 7. Bd2 O-O 8. Bd3 Nbd7 9. O-O {D45: Semi-Slav: 5 e3} Qe7 10. Qe1 a5 11. Rd1 b6 $146 ({Predecessor:} 11... Re8 12. h3 dxc4 13. Bxc4 e5 14. dxe5 Nxe5 15. Nxe5 Qxe5 16. Ne2 Ne4 17. Bxb4 axb4 18. Qxb4 Rxa2 {0-1 (84) Postny,E (2578)-Georgiev,K (2645) Kusadasi 2006}) 12. e4 dxe4 13. Nxe4 1/2-1/2

[Event "FRA-chT Top 12 2019"]
[Site "Brest"]
[Date "2019.05.18"]
[Round "1.3"]
[White "Gukesh D"]
[Black "Van Wely, Loek"]
[Result "1/2-1/2"]
[WhiteElo "2533"]
[BlackElo "2600"]
[Annotator "TA"]
[PlyCount "75"]
[EventDate "2019.05.18"]
[EventType "team-tourn"]
[EventCountry "FRA"]
[SourceTitle "playchess.com"]
[Source "ChessBase"]
[SourceQuality "1"]

{[%evp 11,75,-15,-14,-19,0,-18,-21,-19,-12,-6,-2,-14,-12,-47,-59,-76,-83,-93,-89,-94,-83,-92,-79,-71,-85,-90,-85,-85,-105,-113,-43,-48,-62,-90,-43,-50,-48,-28,-39,-220,-207,-214,-183,-213,-178,-209,-8,-8,-8,-8,-8,-8,-31,-20,-21,-22,0,0,0,0,0,0,0,0,0,0]} 1. c4 e5 2. Nc3 Nf6 3. g3 Bb4 4. e4 O-O 5. Bg2 Bxc3 6. dxc3 d6 7. f3 $146 {A22: English Opening: 1...e5 2 Nc3 Nf6} ({Predecessor:} 7. Ne2 a6 8. a4 Be6 9. b3 Nbd7 10. O-O Nc5 11. Bg5 h6 12. Bxf6 Qxf6 13. Nc1 Qg6 14. Re1 f5 15. exf5 Qxf5 {0-1 (31) Mamedov,R (2660)-Harikrishna,P (2725) Bilbao 2014}) 7... a6 8. a4 Be6 9. b3 Nbd7 10. Nh3 h6 11. a5 b5 $36 {[%mdl 2048] Black fights for an advantage.} 12. axb6 Nxb6 13. O-O a5 $1 14. Nf2 a4 15. bxa4 Bxc4 16. Re1 Bb5 17. a5 Nc4 18. f4 Rxa5 19. Rxa5 Nxa5 20. f5 c6 ({Better is} 20... Qe7 $17 21. Ng4 Nxg4 22. Qxg4 Kh7) 21. g4 $1 $15 Nh7 22. Re3 Nc4 23. Rg3 $1 Qb6 {Threatens to win with ...Ra8.} 24. g5 $1 hxg5 {Hoping for ...Ra8.} 25. Bxg5 $2 (25. Qh5 $15 Ra8 26. Rh3) 25... Nxg5 $19 26. Rxg5 f6 27. Rg3 Ra8 $1 {[%cal Ra8a2] White must now prevent ...Ra2.} 28. Qh5 Ne3 $2 (28... Qa7 $1 $19 {Strongly threatening ...Qf7.} 29. Bf1 d5 30. exd5 Ne3 {[%mdl 64] Double Attack, Discovered Attack} 31. Bxb5 cxb5) 29. Rxg7+ $1 $11 Kxg7 30. Qg6+ Kf8 31. Qxf6+ {[%mdl 64] Double Attack} Ke8 32. Qh8+ Kd7 {The position is equal.} 33. Qxa8 Ng4 34. Qa2 Qe3 {( -> ...Qe1+)} 35. Bf1 $1 {And now Qf7+ would win.} (35. Qf7+ {[#] is a self mate.} Kc8 $1 {[%mdl 512]} 36. Qg8+ Kb7 $1 {[%mdl 512]} 37. Qh7+ Ka6 $1 {[%mdl 512]} 38. Qh3 Qxf2+ 39. Kh1 Qe1+ 40. Bf1 Bxf1 41. Qe3 Qxe3 42. h4 Qxe4+ {[%mdl 64] Double Attack} 43. Kg1 Qg2#) 35... Qe1 {[%csl Gb5][%cal Re1f1]} 36. Qa7+ {[#]} Kc8 $1 {[%csl Gb5][%cal Re1f1][%mdl 512]} 37. Qa8+ {[#]} Kc7 $1 {[%csl Gb5][%cal Re1f1][%mdl 512]} 38. Qa7+ {Accuracy: White = 61%, Black = 54%.} 1/2-1/2

[Event "FRA-chT Top 12 2019"]
[Site "Brest"]
[Date "2019.05.18"]
[Round "1.3"]
[White "Cossin, Sebastien"]
[Black "Apicella, Manuel"]
[Result "1-0"]
[WhiteElo "2494"]
[BlackElo "2502"]
[Annotator "TA"]
[PlyCount "97"]
[EventDate "2019.05.18"]
[EventType "team-tourn"]
[EventCountry "FRA"]
[SourceTitle "playchess.com"]
[Source "ChessBase"]
[SourceQuality "1"]

{[%evp 13,97,12,20,-11,-1,-24,26,0,10,0,0,0,16,12,87,94,96,101,105,108,98,97,96,74,90,92,91,87,89,93,90,83,96,102,88,97,90,82,147,153,166,165,158,133,151,144,193,203,196,195,200,188,196,207,237,214,329,334,330,337,309,266,273,264,449,427,837,804,917,1148,1355,1047,1159,1139,29966,29968,29969,29970,29974,29975,29975,29976,29976,29977,29977,29975]} 1. Nf3 d5 2. e3 Nf6 3. c4 e6 4. b3 Be7 5. Bb2 O-O 6. Nc3 c5 7. cxd5 Nxd5 8. h4 {A13: English Opening: 1...e6} (8. Be2 b6 9. Nxd5 exd5 10. d4 a5 11. dxc5 bxc5 12. O-O Be6 13. Bb5 Qb6 14. Qe2 Nc6 15. Rac1 Rac8 {0-1 (47) Nakamura,H (2746)-Caruana,F (2832) London 2018}) 8... Nc6 9. Qb1 Nxc3 $146 ({Predecessor:} 9... f5 10. g4 Nxc3 11. Bxc3 Bf6 12. gxf5 Bxc3 13. dxc3 Qf6 14. Qc2 Nb4 15. Qb2 b6 {1-0 (36) Mieles Palau,D (2334)-Munoz Sanchez,M (2246) Guayaquil 2019}) 10. Bxc3 {White has an edge.} Bf6 11. Ng5 {[%csl Gg5][%cal Rb1h7]} g6 12. Qb2 Bxc3 13. Qxc3 $40 {[%mdl 128] White is up to no good.} Qd5 (13... f6 $11 14. Ne4 b6) 14. Be2 $16 h6 15. Bf3 Qe5 {White must now prevent ...Qxc3.} 16. Ne4 Qxc3 17. dxc3 c4 18. bxc4 Ne5 19. Be2 b6 20. f4 Nd7 21. h5 Kg7 22. O-O-O Bb7 23. Rxd7 Bxe4 24. hxg6 Kxg6 25. Rh2 a5 (25... Kg7 $142) 26. Rd4 Bc6 27. Bd3+ Kg7 28. g3 Rab8 29. Kd2 b5 30. cxb5 Bxb5 {[#]} 31. c4 $1 {[%cal Rc4b5]} Bc6 {and if ...Rb2+ works, Black does fine.} 32. Kc3 Rb4 33. Rd6 Rc8 34. a3 Rb7 {[#]} (34... Rbb8 $142 35. f5 a4 36. fxe6 fxe6) 35. Rxc6 $1 $18 {[%mdl 576] Remove Defender} Rxc6 {[%mdl 4096] Endgame KRR-KRB} 36. Be4 {[%mdl 64] Skewer} Rbc7 37. Bxc6 Rxc6 {KR-KR} 38. Rb2 Kg6 $2 (38... Kf6 {was worth a try.} 39. Rb5 Rc8) 39. Rb5 f5 (39... a4 $142 40. Kb4 Rc8) 40. c5 Kh5 41. Kc4 Kg4 42. Rb6 Rc8 43. Rxe6 Kxg3 44. Rxh6 {White mates.} Re8 45. c6 Rxe3 46. c7 Re8 47. Kb5 Kxf4 48. Kxa5 Ke3 49. Kb6 {Accuracy: White = 74%, Black = 35%.} 1-0

[Event "FRA-chT Top 12 2019"]
[Site "Brest"]
[Date "2019.05.18"]
[Round "1.3"]
[White "Bailet, Pierre"]
[Black "Istratescu, Andrei"]
[Result "1/2-1/2"]
[WhiteElo "2466"]
[BlackElo "2555"]
[Annotator "RC"]
[PlyCount "24"]
[EventDate "2019.05.18"]
[EventType "team-tourn"]
[EventCountry "FRA"]
[SourceTitle "playchess.com"]
[Source "ChessBase"]
[SourceQuality "1"]
[TimeControl "40/5400+30:1800+30"]

1. e4 {[%emt 0:00:00]} e5 {[%emt 0:00:35]} 2. Nf3 {[%emt 0:00:06]} Nf6 {[%emt 0:00:42]} 3. Nxe5 {[%emt 0:01:37]} d6 {[%emt 0:00:32]} 4. Nf3 {[%emt 0:00:11]} Nxe4 {[%emt 0:00:03]} 5. d4 {[%emt 0:02:39]} Be7 {[%emt 0:03:01]} 6. Bd3 {[%emt 0:01:34]} d5 {[%emt 0:02:10]} 7. O-O {[%emt 0:02:09]} Nc6 {[%emt 0:07:03]} 8. Nbd2 {[%emt 0:06:40]} Nxd2 {[%emt 0:05:45]} 9. Bxd2 {[%emt 0:00:23]} Bg4 {[%emt 0:01:41]} 10. c3 {[%emt 0:03:28]} O-O {[%emt 0:05:58]} 11. h3 {[%emt 0:07:34]} Bh5 {[%emt 0:02:03]} 12. Re1 {[%emt 0:06:50]} Bd6 {[%emt 0:11:29]} 1/2-1/2

[Event "FRA-chT Top 12 2019"]
[Site "Brest"]
[Date "2019.05.18"]
[Round "1.3"]
[White "Miezis, Normunds"]
[Black "Efimov, Igor"]
[Result "1-0"]
[WhiteElo "2456"]
[BlackElo "2439"]
[Annotator "ChessBase"]
[PlyCount "87"]
[EventDate "2019.05.18"]
[EventType "team-tourn"]
[EventCountry "FRA"]
[SourceTitle "playchess.com"]
[Source "ChessBase"]
[SourceQuality "1"]
[TimeControl "40/5400+30:1800+30"]

1. c4 {[%emt 0:00:00]} c6 {[%emt 0:00:19]} 2. e4 {[%emt 0:00:16]} e5 {[%emt 0:00:18]} 3. Nf3 {[%emt 0:00:43]} Nf6 {[%emt 0:06:07]} 4. Nc3 {[%emt 0:01:57]} d6 {[%emt 0:02:06]} 5. d4 {[%emt 0:01:46]} Nbd7 {[%emt 0:04:50]} 6. Be2 {[%emt 0:01:52]} Be7 {[%emt 0:03:08]} 7. O-O {[%emt 0:00:59]} O-O {[%emt 0:00:04]} 8. Rb1 {[%emt 0:04:14]} Re8 {[%emt 0:01:20]} 9. Re1 {[%emt 0:01:05]} Bf8 {[%emt 0:13:38]} 10. Bf1 {[%emt 0:02:03]} h6 {[%emt 0:02:03]} 11. b4 {[%emt 0:15:42]} Nh7 {[%emt 0:08:15]} 12. a3 {[%emt 0:05:03]} Ng5 {[%emt 0:06:55]} 13. Nxg5 {[%emt 0:03:13]} hxg5 {[%emt 0:00:10]} 14. d5 {[%emt 0:00:59]} c5 {[%emt 0:00:59]} 15. Re3 {[%emt 0:01:49]} b6 {[%emt 0:01:07]} 16. Rg3 {[%emt 0:00:37]} Be7 {[%emt 0:14:42]} 17. Qh5 {[%emt 0:04:44]} g6 {[%emt 0:08:13]} 18. Bxg5 {[%emt 0:09:48]} Bxg5 {[%emt 0:04:14]} 19. Qxg5 {[%emt 0:01:39]} Qxg5 {[%emt 0:07:43]} 20. Rxg5 {[%emt 0:00:14]} Nf6 {[%emt 0:00:06]} 21. Rg3 {[%emt 0:04:21]} Bd7 {[%emt 0:00:18]} 22. Re3 {[%emt 0:00:22]} Ng4 {[%emt 0:00:58]} 23. Re2 {[%emt 0:02:17]} f5 {[%emt 0:00:24]} 24. bxc5 {[%emt 0:01:29]} bxc5 {[%emt 0:00:16]} 25. Reb2 {[%emt 0:03:03]} Nf6 {[%emt 0:00:09]} 26. f3 {[%emt 0:01:42]} Kf8 {[%emt 0:00:25]} 27. Bd3 {[%emt 0:01:02]} Re7 {[%emt 0:02:40]} 28. a4 {[%emt 0:02:11]} a5 {[%emt 0:01:16]} 29. Rb6 {[%emt 0:01:17]} Ne8 {[%emt 0:00:10]} 30. Rb8 {[%emt 0:01:27]} Ra7 {[%emt 0:00:57]} 31. R1b6 {[%emt 0:05:07]} Kf7 {[%emt 0:00:20]} 32. Rd8 {[%emt 0:02:18]} f4 {[%emt 0:00:39]} 33. h4 {[%emt 0:03:47]} Kf6 {[%emt 0:02:14]} 34. Nb5 {[%emt 0:02:23]} Bxb5 {[%emt 0:00:20]} 35. cxb5 {[%emt 0:00:12]} Kf7 {[%emt 0:00:51]} 36. Rbb8 {[%emt 0:01:11]} Nf6 {[%emt 0:00:36]} 37. b6 {[%emt 0:05:18]} Rad7 {[%emt 0:01:01]} 38. Bb5 {[%emt 0:01:19]} Rxd8 {[%emt 0:04:36]} 39. Rxd8 {[%emt 0:00:13]} Rb7 {[%emt 0:00:15]} 40. Rxd6 {[%emt 0:00:25]} Rb8 {[%emt 0:00:16]} 41. Ba6 {[%emt 0:31:46]} Ke7 {[%emt 0:32:56]} 42. Re6+ {[%emt 0:01:15]} Kf7 {[%emt 0:01:17]} 43. Rc6 {[%emt 0:01:25]} Ke7 {[%emt 0:00:00]} 44. b7 {[%emt 0:00:00]} 1-0

[Event "FRA-chT Top 12 2019"]
[Site "Brest"]
[Date "2019.05.18"]
[Round "1.4"]
[White "Eljanov, Pavel"]
[Black "Edouard, Romain"]
[Result "1-0"]
[WhiteElo "2661"]
[BlackElo "2642"]
[Annotator "TA"]
[PlyCount "89"]
[EventDate "2019.05.18"]
[EventType "team-tourn"]
[EventCountry "FRA"]
[SourceTitle "playchess.com"]
[Source "ChessBase"]
[SourceQuality "1"]

{[%evp 14,89,27,31,31,20,38,8,1,8,0,0,11,6,14,10,29,22,8,0,20,25,48,24,17,4,6,6,10,6,15,10,103,86,109,94,66,83,118,112,172,171,163,163,156,154,137,121,290,269,355,354,333,325,361,339,316,340,341,331,330,341,329,337,307,305,277,272,376,356,337,267,598,627,12639,29946,29980,29981]} 1. c4 e5 2. d3 g6 3. Nc3 Bg7 4. g3 Ne7 5. Bg2 O-O 6. e4 c6 7. Nge2 Na6 8. O-O Nc7 {A21: English Opening: 1...e5 2 Nc3} 9. Be3 d5 10. exd5 cxd5 {Hoping for ...d4.The position is equal.} 11. Bc5 {Threatening cxd5.} d4 $1 {[%cal Rd4c3]} 12. Ne4 $146 {[%cal Bc3e4,Be4d6,Bd6b7][%mdl 32]} ({Predecessor:} 12. Nd5 Ncxd5 13. cxd5 Re8 14. Qb3 Nf5 15. Rfe1 b6 16. Bb4 {½-½ (55) Orev,P (2244)-Jiruse,J (2066) Sunny Beach 2009}) 12... b6 13. Ba3 Rb8 14. Nd6 Bd7 15. Nb7 Qe8 16. Nd6 Qd8 17. f4 $36 {[%mdl 2048] White has good play.} b5 {And now ...b4 would win.} 18. Qe1 Nf5 19. Nxf5 Bxf5 20. Bxf8 Qxf8 21. fxe5 Bxd3 22. cxb5 Rxb5 (22... Bxb5 $11 23. a4 Ba6) 23. Qd2 ({Weaker is} 23. Nxd4 Bxf1 24. Qxf1 Rxb2 $15) 23... Bxe2 24. Qxe2 Rxe5 25. Qc4 Ne6 26. Rae1 Rc5 {[#]} (26... Qc5 $16 27. Qxc5 Rxc5) 27. Qa6 $1 $18 {Threatens to win with Rxe6.} Qd8 28. Qxa7 Rc7 29. Qa8 Qxa8 30. Bxa8 Bh6 $2 (30... d3 $16) 31. Bd5 Bd2 32. Re2 Be3+ 33. Kg2 Nc5 34. b4 Na4 {intending ...Nc3.} 35. b5 Kg7 36. Bb3 Nc5 37. b6 Rb7 38. Bd5 Rxb6 39. Rxf7+ Kh6 40. h4 Rd6 41. Bc4 g5 42. hxg5+ Bxg5 $2 (42... Kxg5 {is more resistant.} 43. Rxh7 Nd7) 43. Re5 Nd7 {[#]} 44. Bd3 $1 {[%csl Gd3][%cal Rf7h7][%mdl 512]} Nf6 45. Re1 {Accuracy: White = 75%, Black = 39%.} 1-0

[Event "FRA-chT Top 12 2019"]
[Site "Brest"]
[Date "2019.05.18"]
[Round "1.4"]
[White "Heimann, Andreas"]
[Black "Hamitevici, Vladimir"]
[Result "1-0"]
[WhiteElo "2627"]
[BlackElo "2476"]
[Annotator "TA"]
[PlyCount "111"]
[EventDate "2019.05.18"]
[EventType "team-tourn"]
[EventCountry "FRA"]
[SourceTitle "playchess.com"]
[Source "ChessBase"]
[SourceQuality "1"]

{[%evp 9,111,13,49,49,42,47,65,65,58,47,53,22,22,23,23,23,17,17,17,17,23,14,21,21,20,10,12,5,6,11,19,4,48,20,57,30,25,10,18,13,38,30,37,37,40,40,39,41,43,50,96,76,106,108,104,79,151,87,328,249,253,240,235,112,100,66,56,60,125,119,181,181,170,166,204,194,579,575,572,564,556,506,1657,1848,2176,2208,1653,1451,29970,29970,29975,29976,29977,29978,29979,29980,29981,29973,29972,29973,29973,29972,29972,29970]} 1. d4 d5 2. c4 e6 3. Nc3 c6 4. e4 dxe4 5. Nxe4 c5 6. Nxc5 {D31: Queen's Gambit Declined: Semi-Slav without ...Nf6 (+ Marshall Gambit and Noteboom) and Exchange Variation lines without ...Nf6} Bxc5 (6... Nc6 7. Nf3 Nxd4 8. Qxd4 Qxd4 9. Nxd4 Bxc5 10. Nb5 Ke7 11. Bd2 Bd7 12. b4 Bxb5 13. cxb5 {½-½ (40) Caruana,F (2784)-Kramnik,V (2800) Berlin 2018}) 7. dxc5 Qxd1+ 8. Kxd1 {White is slightly better.} Nf6 9. Nf3 $146 ({Predecessor:} 9. Be2 Bd7 10. b4 O-O 11. Be3 Rd8 12. Ke1 e5 13. Rd1 {1-0 (35) Hutt,A (2122)-Moas,H Villa Carlos Paz 2003}) 9... Nbd7 10. Be3 Ng4 $1 11. Bd4 e5 12. h3 exd4 13. hxg4 Nxc5 14. Rh5 b6 15. Re5+ Kf8 16. Nxd4 Bxg4+ 17. Kc2 g6 18. Be2 h5 19. Rd1 Rc8 20. b3 a6 21. Kc3 Rc7 22. Re3 Bxe2 23. Nxe2 Kg7 24. Nf4 Rhc8 25. Nd5 $36 {[%mdl 2048] Black is under pressure.} Rb7 26. b4 Ne6 27. Kb3 Rd8 28. Red3 g5 29. Kc3 Rc8 30. Ne3 Kg6 31. Rd6 h4 32. Nd5 Rcb8 ({Black should play} 32... b5) 33. f4 (33. a4 $142) 33... g4 $2 (33... gxf4 $16 34. Nxf4+ Kf5) 34. Ne3 {[#] And now f5+ would win.} Kg7 35. f5 ({Resist} 35. Nxg4 $6 Nxf4 36. Ne3 Kg8 $16) 35... Nf4 36. Rf1 (36. Nxg4 $18 {Strongly threatening Rf1.} a5 37. R1d2) 36... Re8 $16 37. Rxf4 (37. Nxg4 {is interesting.} Re4 38. Nf6 Re3+ 39. Kd2 Nxg2 40. Nd5) 37... Rxe3+ 38. Rd3 $1 Rxd3+ (38... Re2 $1 $14) 39. Kxd3 $14 {[%mdl 4096] Endgame KR-KR} Kf6 (39... g3 $16 {keeps fighting.}) 40. Rxg4 $18 Kxf5 41. Rxh4 f6 42. a4 Rg7 $2 {[#]} (42... Ke6 {is more resistant.} 43. Rh8 Rg7) 43. a5 bxa5 44. Rh5+ Ke6 45. Rxa5 Rg3+ (45... Rd7+ $142 46. Ke4 Rd6) 46. Kd4 Rg4+ 47. Kc5 Rg5+ 48. Kb6 Rxg2 49. Rxa6 {White mates.} f5 50. c5 f4 51. c6 f3 52. Ra3 Rg4 53. Rxf3 Rxb4+ 54. Kc7 Rh4 55. Rd3 Ke7 56. Re3+ {Accuracy: White = 63%, Black = 35%.} 1-0

[Event "FRA-chT Top 12 2019"]
[Site "Brest"]
[Date "2019.05.18"]
[Round "1.4"]
[White "Oparin, Grigoriy"]
[Black "Fedorchuk, Sergey A."]
[Result "1-0"]
[WhiteElo "2624"]
[BlackElo "2620"]
[Annotator "TA"]
[PlyCount "57"]
[EventDate "2019.05.18"]
[EventType "team-tourn"]
[EventCountry "FRA"]
[SourceTitle "playchess.com"]
[Source "ChessBase"]
[SourceQuality "1"]

{[%evp 17,56,19,12,0,11,0,0,2,14,16,19,0,0,0,0,0,0,0,0,0,0,-11,0,0,0,0,0,0,0,0,0,0,89,96,207,206,162,162,503,502,29998]} 1. d4 Nf6 2. c4 e6 3. Nf3 b6 4. g3 Bb7 5. Bg2 Bb4+ 6. Nbd2 c5 7. a3 Bxd2+ 8. Qxd2 cxd4 9. O-O Bxf3 10. exf3 {E00: Catalan Bogo-Indian (3 g3 Bb4+)} Nc6 11. b4 Rc8 12. f4 {The position is equal.} O-O 13. Bb2 d6 14. Bxc6 Rxc6 15. Qxd4 Qc7 {[#]} 16. Rac1 $146 ({Predecessor:} 16. Rfc1 Rc8 17. b5 Rc5 18. a4 Ne8 19. Qe3 Qb7 20. Qd3 Qc7 21. Qe3 Qb7 22. Qd3 Qc7 23. Qe3 {½-½ (23) Wei,Y (2696)-Karjakin,S (2773) Bilbao 2016}) 16... Rc8 17. Rc2 b5 {[%cal Rc6c4]} 18. c5 $1 dxc5 19. bxc5 Rxc5 (19... a6 {looks sharper.} 20. Rfc1 Qd7 21. Qxd7 Nxd7 22. Bd4 Nf6) 20. Rxc5 Qxc5 21. Rc1 $40 {[%mdl 128] Black needs to defend precisely.} Qf8 22. Rxc8 Qxc8 23. Qxa7 Nd5 24. f5 Nf6 (24... exf5 $11 {keeps the balance.} 25. Qd4 Nf6) 25. fxe6 $16 Qxe6 {[#]} (25... fxe6 $16 26. Qe7 Ne8) 26. Bxf6 $1 $18 {White threatens Qb8+ and mate.} Qe1+ 27. Kg2 {Threatening mate with Qb8+.} Qe4+ $2 (27... gxf6 {is more resistant.} 28. Qb8+ Kg7) 28. f3 {Qb8+ would kill now.} Qd4 {Accuracy: White = 81%, Black = 37%.} (28... Qe2+ $18 29. Qf2 Qxf2+ 30. Kxf2 gxf6) 29. Qa8+ 1-0